Kubys Immunology (Record no. 60675)
[ view plain ]
| 000 -LEADER | |
|---|---|
| fixed length control field | 00498nam a22001817a 4500 |
| 005 - DATE & TIME | |
| control field | 20260422130546.0 |
| 008 - FIXED-LENGTH DATA ELEMENTS--GENERAL INFORMATION | |
| fixed length control field | 260422b |||||||| |||| 00| 0 eng d |
| 020 ## - ISBN | |
| International Standard Book Number | 9788197214479 |
| Price | 2497.00 |
| 040 ## - CATALOGING SOURCE | |
| Original cataloging agency | Doon University |
| 041 ## - Language | |
| Language | English |
| 082 ## - DDC NUMBER | |
| Classification number | 616.079 |
| Book Number | KHA |
| 100 ## - MAIN ENTRY--PERSONAL NAME | |
| Personal name | Khanna, Kavita |
| 245 ## - TITLE STATEMENT | |
| Title | Kubys Immunology |
| Sub Title | : Updated Covid-19 |
| 260 ## - PUBLICATION, DISTRIBUTION, ETC. (IMPRINT) | |
| Place of publication, distribution, etc | New Delhi |
| Name of publisher, distributor, etc | MedTech Science Press |
| Date of publication, distribution, etc | 2026 |
| 300 ## - PHYSICAL DESCRIPTION | |
| Pages | 1141 |
| Other Details | Vol.2nd |
| 650 ## - Subject | |
| Subject | Biological Science (PM USHA) |
| 942 ## - ADDED ENTRY ELEMENTS (KOHA) | |
| Koha item type | Books |
| 100 ## - MAIN ENTRY--PERSONAL NAME | |
| -- | 26678 |
| 650 ## - Subject | |
| -- | 26674 |
| 952 ## - LOCATION AND ITEM INFORMATION (KOHA) | |
| -- | 2026-04-22 |
| 952 ## - LOCATION AND ITEM INFORMATION (KOHA) | |
| -- | 2026-04-22 |
| Withdrawn status | Lost status | Source of classification or shelving scheme | Damaged status | Not for loan | Location (home branch) | Sublocation or collection (holding branch) | Date acquired | Koha issues (times borrowed) | Koha full call number | Accession No. | Koha date last seen | Koha item type |
|---|---|---|---|---|---|---|---|---|---|---|---|---|
| Doon University | Doon University | 22.04.2026 | 616.079 KHA | 32664 | 22.04.2026 | Books | ||||||
| Doon University | Doon University | 22.04.2026 | 616.079 KHA | 32666 | 22.04.2026 | Books |